000 00625nam a2200229 a 4500
008
020 _a9780864867414 (pbk.)
049 _aMAIN
090 _aHD8039
_bNKO
100 1 _aNkosi, Morley.
245 1 0 _aMing deep /
_cMorley Nkosi.
260 _aClaremont:
_bDavid Phillip
_c2011.
300 _axvii, 331 p. :
_bill. ;
_c20 cm.
504 _aIncludes bibliographical references.
500 _aIncludes index.
650 1 _aMiners.
907 _a.b10375387
_b16-09-16
_c16-09-16
003
005 20230123122231.0
040 _cNUST
942 _cBOOKS
_kHD8039
_mNKO
999 _c130113
_d130113